banner-ar

SECOND GENERATION EXPORT SYSTEMS / (Record no. 23666)

MARC details
000 -الفاتح
حقل البيانات ثابتة الطول 00514nam a2200193Ia 4500
008 - عناصر البيانات ثابتة الطول - معلومات عامة
حقل البيانات ثابتة الطول 140319s9999 xx 000 0 eng d
040 ## - مصدر الفهرسة
وكالة الفهرسة الأصلية GCL /
وكالة النسخ GCL
082 04 - رقم تصنيف ديوى العشرى
رقم التصنيف 006.33
رقم المادة D S
100 1# - المدخل الرئيسى - إسم شخصى
الإسم الشخصى DAVID, JEAN MARC
245 10 - بيان العنوان
العنوان SECOND GENERATION EXPORT SYSTEMS /
بيان المسئوليه,etc DAVID, JEAN MARC
700 1# - المدخل الاضافى - اسم شخصى
الإسم الشخصى KRIVINE, JEAN PANL
700 1# - المدخل الاضافى - اسم شخصى
الإسم الشخصى SIMMONS, REID
260 ## - PUBLICATION, DISTRIBUTION, ETC. (IMPRINT)
تاريخ النشر أو التوزيع 1993
300 ## - الوصف المادى
التعداد 764 PP
650 04 - المدخل الاضافى بالموضوع-مصطلح موضوعى
مصطلح موضوعي شعر الحرب
650 04 - المدخل الاضافى بالموضوع-مصطلح موضوعى
مصطلح موضوعي EXPERT SYSTEMS
942 ## - عناصر المدخل الإضافي( كوها)
مصدر التصنيف او مخطط الترفيف Dewey Decimal Classification
Koha [default] item type كتاب
260 ## - PUBLICATION, DISTRIBUTION, ETC. (IMPRINT)
-- [S.N] :
-- SPRINGER - VERLAG ،
Holdings
حالة التراجع حالة الفقد حالة تلف ليس للاعارة المكان المؤقت الموقع الحالى تاريخ الاكتساب اجمالي اﻻعارات رقم الطلب الباركود تاريخ اخر مشاهدة تاريخ تفعيل السعر نوع وعاء كوها
        مكتبة القاهرة الكبرى مكتبة القاهرة الكبرى 03/26/2014   006.33\D S 42165 03/26/2014 03/26/2014 كتاب

Powered By

EGPV